Pedro de Valdivia: o la novela de Chile

Sparad:
Bibliografiska uppgifter
Huvudupphovsman: Doussinague, José Miguel (Författare, medförfattare)
Materialtyp: Bok
Språk:spanska
Publicerad: Madrid, España Espasa-Calpe 1963
Ämnen:
Taggar: Lägg till en tagg
Inga taggar, Lägg till första taggen!

MARC

LEADER 00000nam a2200000 a 4500
001 UCX2943
003 CL-VaPUC
005 20210604001537.0
008 910909e19630000SP |||||||||||||||||spa|d
999 |c 223842  |d 223840 
040 |c Pontificia Universidad Católica de Valparaíso 
082 0 4 |a 983.02 DOU 1963  |2 21 
100 0 |a Doussinague, José Miguel  |e author  |9 319060 
245 1 0 |a Pedro de Valdivia:  |b  o la novela de Chile 
260 |a Madrid, España  |b Espasa-Calpe  |c 1963 
300 |a 337 páginas 
583 |a last modification  |c 19910909 00:00:00  |k Rodrigo Vera 
600 0 7 |a VALDIVIA, PEDRO DE  |2 CL-VaPUC  |9 317024 
650 0 |a Historia  |x DESCUBRIMIENTO Y CONQUISTA  |9 255047 
852 |a BIBCUR 
942 |c BK  |2 ddc 
945 |d 19910909 00:00:00 
952 |0 0  |1 0  |2 ddc  |4 0  |6 983_020000000000000_DOU_1963  |7 0  |8 A  |9 220054  |a BIBHIS  |b BIBHIS  |d 2019-11-15  |i 2887274  |o 983.02 DOU 1963  |p 2887274  |r 2025-01-20  |t 1  |w 2019-11-15  |y BK  |k HIS